=LDR 00000nam 2200000 4500 =001 INLIS000000000005022 =005 20130612093257 =008 ***********************************Ind** =035 ##$$0010-061300000005022 =041 ##$$a Ind =082 ##$$a 419 =090 ##$$a 419, Sur d =100 ##$$a SURYADI A.G., Linus =245 ##$$a Dari pujangga ke penulis Jawa / oleh Linus Suryadi A.G. -- Cet.1. -- =260 ##$$a [s.l.] $b Yogyakarta : Pustaka Pelajar =300 ##$$a xv, 154 hlm. ; 21 cm =650 ##$$a Bahasa Indonesia =850 ##$$a NBPNMAT